00378pab a2200133 454500008004000000100001700040245005900057260000900116300001400125362001100139650004600150650001400196773003400210180718b2003 xxu||||| |||| 00| 0 eng d aSanjay Kumar aGujarat Assembly elections 2002: analysing the verdict c2003 ap.270-75. a25 Jan aGujarat. Legislative Assembly - elections aElections aEconomic and Political Weekly